[Event "Challenge"]
[Site "http://www.queenalice.com/game.php?id=60691"]
[Date "2006.4.1"]
[Round "-"]
[White "juba"]
[Black "kligw"]
[Result "0-1"]
[WhiteElo "1163"]
[BlackElo "2052"]

1. d4 Nf6 2. e3 d5 3. Bb5+ c6 4. Bd3 Bg4 5. Be2 Bf5 6. Nc3 e6 7. Nf3 Bb4 8. Bd2
Nbd7 9. O-O O-O 10. Ng5 h6 11. Nf3 Qc7 12. g3 Bh3 13. Re1 e5 14. a3 Bd6 15. Bf1
Bg4 16. Be2 e4 17. Ne5 Bxe2 18. Qxe2 Bxe5 19. dxe5 Nxe5 20. Kg2 Nf3 21. Rec1 Qd7
22. Kh1 Qh3 0-1

[Event "Jogar !!"]
[Site "http://www.queenalice.com/game.php?id=78268"]
[Date "2006.6.19"]
[Round "-"]
[White "kligw"]
[Black "juba"]
[Result "1-0"]
[WhiteElo "2080"]
[BlackElo "1227"]

1. c4 e6 2. Nc3 Bb4 3. Nf3 Bxc3 4. bxc3 Nc6 5. g3 Nf6 6. Bg2 d5 7. cxd5 Qxd5 8.
O-O Ne4 9. Qc2 O-O 10. Nd4 Qc4 11. Qxe4 Qa6 12. Nxc6 bxc6 13. Qxc6 Qxc6 14. Bxc6
Rb8 15. Ba3 Rd8 16. d3 Rb6 17. Bf3 Ra6 18. Bc5 Bd7 19. Rfb1 g6 20. Rb7 Ra5 21.
Rxc7 Bb5 22. Be7 Rb8 23. c4 Ba6 24. Rxa7 Rg5 25. Bxg5 1-0

[Event "Jogar  !!"]
[Site "http://www.queenalice.com/game.php?id=78270"]
[Date "2006.6.19"]
[Round "-"]
[White "juba"]
[Black "kligw"]
[Result "0-1"]
[WhiteElo "1229"]
[BlackElo "2076"]

1. d4 d5 2. e3 Bf5 3. Bd3 Bg6 4. Bxg6 hxg6 5. Nf3 Nf6 6. Bd2 e6 7. O-O Nbd7 8.
Nc3 c6 9. a3 Bd6 10. g3 Qc7 11. Ne2 Ne4 12. c3 f5 13. b4 Nb6 14. Rb1 Nc4 15. Rb3
g5 16. Ne5 Nexd2 17. Ng6 Rh6 18. Ne5 Bxe5 19. Re1 Nf3+ 20. Kh1 Rxh2# 0-1

[Event "AUTO-OPEN-323"]
[Site "http://www.queenalice.com/game.php?id=85609"]
[Date "2006.7.13"]
[Round "1"]
[White "juba"]
[Black "peondoblado"]
[Result "0-1"]
[WhiteElo "1290"]
[BlackElo "1615"]

1. d4 c5 2. dxc5 e6 3. Be3 Nc6 4. Nf3 Nf6 5. Nc3 Qa5 6. Qd3 Nb4 7. Qd1 Ne4 8. a3
Nd5 9. b4 Nexc3 10. Qd4 Qa4 11. Qd2 Nxe3 12. Qxc3 Nxc2+ 13. Kd2 Nxa1 14. Qxa1 d5
15. Nd4 Be7 16. Qc3 O-O 17. e3 e5 18. Nf5 Bxf5 19. Be2 d4 20. exd4 Rad8 21. Bh5
Rxd4+ 22. Ke1 Rfd8 23. Ke2 Qb5+ 0-1

[Event "AUTO-OPEN-323"]
[Site "http://www.queenalice.com/game.php?id=85610"]
[Date "2006.7.13"]
[Round "1"]
[White "peondoblado"]
[Black "juba"]
[Result "1-0"]
[WhiteElo "1612"]
[BlackElo "1293"]

1. e4 e5 2. Nf3 d6 3. Bc4 Be6 4. Bb5+ c6 5. Ba4 Nf6 6. d3 Qb6 7. c3 Bg4 8. Nbd2
Nbd7 9. h3 Bxf3 10. Qxf3 Nc5 11. Bb3 Qa6 12. Bc4 Qb6 13. O-O Be7 14. b4 Na6 15.
a4 O-O 16. Bb2 Nc7 17. a5 d5 18. axb6 axb6 19. exd5 cxd5 20. Bb3 Rad8 21. c4
dxc4 22. Bxc4 Bxb4 23. Qxb7 Bd6 24. Ba3 1-0

[Event "AUTO-OPEN-323"]
[Site "http://www.queenalice.com/game.php?id=85611"]
[Date "2006.7.13"]
[Round "1"]
[White "juba"]
[Black "Artking"]
[Result "0-1"]
[WhiteElo "1250"]
[BlackElo "1805"]

1. d4 Nf6 2. Nf3 c5 3. dxc5 Qa5+ 4. Bd2 Qxc5 5. Be3 Qb4+ 6. c3 Qxb2 7. Nbd2 Nc6
8. Nd4 Qxc3 9. Rc1 Qa5 10. Ra1 Ne4 11. Nb3 Qb4 12. f3 Nf6 13. a3 Qd6 14. Bc5 Qc7
15. e4 d6 16. Bb4 g6 17. Bb5 Bg7 18. Rc1 Be6 0-1

[Event "AUTO-OPEN-323"]
[Site "http://www.queenalice.com/game.php?id=85612"]
[Date "2006.7.13"]
[Round "1"]
[White "Artking"]
[Black "juba"]
[Result "1-0"]
[WhiteElo "1803"]
[BlackElo "1252"]

1. e4 e6 2. d4 d5 3. Nc3 Bb4 4. e5 Nc6 5. f4 f5 6. Nf3 g6 7. Bd3 Bxc3+ 8. bxc3
Nge7 9. Be3 Bd7 10. a3 b6 11. O-O Nb8 12. Qe1 b5 13. Qh4 a6 14. Ng5 h6 15. Nxe6
Bxe6 16. Qf6 Qd7 17. Qxh8+ Ng8 18. g4 h5 19. gxf5 1-0

[Event "AUTO-INT-144"]
[Site "http://www.queenalice.com/game.php?id=98444"]
[Date "2006.8.22"]
[Round "1"]
[White "peace"]
[Black "juba"]
[Result "0-1"]
[WhiteElo "1485"]
[BlackElo "1228"]

1. c4 e6 2. d4 d6 3. e4 f6 4. Nf3 Nc6 5. Be3 f5 6. exf5 exf5 7. Be2 b6 8. d5 Nb4
9. O-O Qf6 10. Bd4 Qh6 11. Qa4+ Bd7 12. Qxb4 c5 13. Bxc5 bxc5 14. Qb3 Ne7 15.
Nc3 Qg6 16. Qb7 Rd8 17. Qxa7 f4 18. Nb5 Bxb5 19. cxb5 Nf5 20. b6 Be7 21. b7 O-O
22. Bd3 Bf6 23. Rab1 Bd4 24. Bxf5 Qxf5 25. Nxd4 Qg4 26. Nf3 Rb8 27. Qb6 Rf7 0-1

[Event "AUTO-INT-144"]
[Site "http://www.queenalice.com/game.php?id=98445"]
[Date "2006.8.22"]
[Round "1"]
[White "juba"]
[Black "peace"]
[Result "1-0"]
[WhiteElo "1254"]
[BlackElo "1459"]

1. d4 d5 2. Nf3 e6 3. c3 Bd6 4. Bg5 f6 5. Be3 Nc6 6. g3 Bd7 7. Bg2 g5 8. Nbd2
Qe7 9. O-O O-O-O 10. c4 dxc4 11. Nxc4 g4 12. Nfd2 h5 13. d5 Nb4 14. a3 Nxd5 15.
b3 Bc5 16. Bf4 Nc3 17. Qe1 Bb5 18. Na5 Ba6 19. b4 Bb6 20. Ne4 Nxe4 21. Bxe4 Bxa5
22. bxa5 f5 23. Bg2 Nf6 24. Bg5 Rhg8 25. f4 e5 26. Qb1 b6 27. Qxf5+ 1-0

[Event "AUTO-INT-144"]
[Site "http://www.queenalice.com/game.php?id=98456"]
[Date "2006.8.22"]
[Round "1"]
[White "claudiocaire"]
[Black "juba"]
[Result "1-0"]
[WhiteElo "1487"]
[BlackElo "1292"]

1. e4 g6 2. Qf3 Bg7 3. Bc4 Nf6 4. e5 e6 5. Nh3 Ng8 6. Ng5 Qxg5 7. O-O Qxe5 8. c3
Nc6 9. d4 Qd6 10. d5 exd5 11. Bd3 d4 12. c4 Be5 13. Na3 Nf6 14. Bg5 Qe7 15. Rfe1
Qd6 16. Nb5 Qb4 17. Nxc7+ Ke7 18. Rxe5+ Nxe5 19. Qxf6+ Kf8 20. Bh6+ 1-0

[Event "AUTO-INT-144"]
[Site "http://www.queenalice.com/game.php?id=98457"]
[Date "2006.8.22"]
[Round "1"]
[White "juba"]
[Black "claudiocaire"]
[Result "1-0"]
[WhiteElo "1268"]
[BlackElo "1478"]

1. d4 d5 2. Nf3 e6 3. c3 f5 4. Bf4 Nc6 5. Ne5 Nxe5 6. Bxe5 c6 7. Nd2 Ne7 8. e3
Ng6 9. Qh5 Be7 10. Nf3 O-O 11. Bf4 e5 12. dxe5 Be6 13. Ng5 h6 14. Qxg6 Bf7 15.
Qh7# 1-0

[Event "AUTO-INT-82"]
[Site "http://www.queenalice.com/game.php?id=108558"]
[Date "2006.9.21"]
[Round "2"]
[White "swmorgana"]
[Black "juba"]
[Result "1-0"]
[WhiteElo "1415"]
[BlackElo "1287"]

1. e4 e5 2. Nf3 Nc6 3. Bc4 Nf6 4. Ng5 Nd4 5. Nxf7 Qe7 6. Nxh8 Nxe4 7. Qh5+ g6 8.
Qg4 Nxc2+ 9. Kd1 Nxf2+ 10. Kxc2 Nxg4 11. Rf1 Nh6 12. d3 d6 13. Nd2 Be6 14. Ne4
Ng4 15. Bg5 Ne3+ 16. Bxe3 d5 17. Bg5 Qd7 18. Nf6+ Ke7 19. Nxd7+ Kxd7 20. Bb5+ c6
21. Ba4 b5 22. Bb3 Bg7 23. Nf7 Rf8 24. Rae1 Kc7 25. Bd2 Bf5 26. Ba5+ Kb7 27.
Nd6+ 1-0

[Event "AUTO-INT-82"]
[Site "http://www.queenalice.com/game.php?id=108559"]
[Date "2006.9.21"]
[Round "2"]
[White "juba"]
[Black "swmorgana"]
[Result "0-1"]
[WhiteElo "1304"]
[BlackElo "1433"]

1. d4 d5 2. Nf3 Nc6 3. e3 Bf5 4. Bb5 Nf6 5. Bxc6+ bxc6 6. Ne5 Qb8 7. Nc3 e6 8.
O-O Bd6 9. f4 O-O 10. g3 Qd8 11. b3 c5 12. Nb5 Bxe5 13. fxe5 Ng4 14. h3 Nh6 15.
g4 Bxg4 16. Qd2 Bxh3 17. Rf3 Qg5+ 18. Kf2 Qg2+ 19. Ke1 Qxf3 20. Nxc7 Qf1# 0-1